Central Library OPAC University of Rajshahi

Strikes / (Record no. 2497)

MARC details
000 -LEADER
fixed length control field 01004cam a2200313 i 4500
001 - CONTROL NUMBER
control field 2497
003 - CONTROL NUMBER IDENTIFIER
rucl marc code BD-RjUL
005 - DATE AND TIME OF LATEST TRANSACTION
control field 20211208233550.0
008 - FIXED-LENGTH DATA ELEMENTS--GENERAL INFORMATION
fixed length control field 131211s1980 nyu b 001 0 eng
020 ## - INTERNATIONAL STANDARD BOOK NUMBER
International Standard Book Number 0312766408 :
035 ## - SYSTEM CONTROL NUMBER
System control number (BD-RjUL)2524
040 ## - CATALOGING SOURCE
Original cataloging agency DLC
Transcribing agency DLC
Modifying agency DLC
-- BD-RjUL
Language of cataloging eng
041 ## - LANGUAGE CODE
Language code of text/sound track or separate title eng
082 00 - DEWEY DECIMAL CLASSIFICATION NUMBER
Classification number 331.8929
Edition number 19
Author mark and year MCS
100 1# - MAIN ENTRY--PERSONAL NAME
Personal name McCord, Norman.
9 (RLIN) 8081
245 10 - TITLE STATEMENT
Title Strikes /
Statement of responsibility, etc. Norman McCord.
260 ## - PUBLICATION, DISTRIBUTION, ETC. (IMPRINT)
Place of publication, distribution, etc. New York :
Name of publisher, distributor, etc. St. Martin's Press,
Date of publication, distribution, etc. c1980.
300 ## - PHYSICAL DESCRIPTION
Pagination 136 p. ;
Size 23 cm.
490 1# - SERIES STATEMENT
Series statement Comparative studies in social and economic history ;
Volume/sequential designation 2
500 ## - GENERAL NOTE
General note Includes index.
504 ## - BIBLIOGRAPHY, ETC. NOTE
Bibliography, etc Includes Bibliography: p. [129]-134 and index
650 #0 - SUBJECT ADDED ENTRY--TOPICAL TERM
Topical term or geographic name as entry element Strikes and lockouts
Geographic subdivision Great Britain
General subdivision History.
9 (RLIN) 8082
Topical term or geographic name as entry element Strikes and lockouts
Geographic subdivision United States
General subdivision History.
9 (RLIN) 8083
830 #0 - SERIES ADDED ENTRY--UNIFORM TITLE
Volume number/sequential designation 2.
Uniform title Comparative studies in social and economic history (New York, N.Y.) ;
942 ## - ADDED ENTRY ELEMENTS (KOHA)
Source of classification or shelving scheme Dewey Decimal Classification
Koha item type Books
Holdings
Lost status Source of classification or shelving scheme Damaged status Not for loan Collection code Permanent Location Current Location Shelving location Date acquired Source of acquisition Cost, normal purchase price Total Checkouts Full call number Date last seen Copy number Koha item type
  Dewey Decimal Classification   Not For Loan Non-fiction Central Library, University of Rajshahi Central Library, University of Rajshahi   04/09/1988 Asian foundation 0.00   331.8929 MCS 1980 11/12/2013 C-1 Books